00709 2200277 4500001002100000005001500021035002000036007000300056008004100059020002200100082001500122084002100137100003400158245006000192250001400252300002400266700002200290740000600312264003800318336001800356337001600374338001800390246000600408856000600414990001100420INLIS00000000000276020251126074426 a0010-1125000002ta251126 b 1 ind  a978-623-150-172-1 a741.5 [23] a741.5 [23] MAI k0 aMaira Misha SharifePengarang1 aKomik Next G :bSedekah Buku /cMaira Misha Sharif, dkk aCetakan I a88 :bilus ;c21e-0 aSatrioePengarang a- aBandung :bMuffin Graphics,c2025 2rdacontenta- 2rdamediaa- 2rdacarriera- a- a- a250509